| 000 | 00703nam a2200229 a 4500 | ||
|---|---|---|---|
| 001 | BRL_118 | ||
| 005 | 20190320210610.0 | ||
| 008 | 151012s1952----mx-a######---#000-0#spa-u | ||
| 041 | _aspa | ||
| 044 | _amx | ||
| 050 | 4 |
_aND259 _b.C37 1952 |
|
| 100 | 1 |
_aCastellanos, Julio _d1905-1947 _922962 |
|
| 245 | 1 | 0 |
_aJulio Castellanos (1905-1947) _bmonografía de su obra _ccon notas de Carlos Pellicer y de Salvador Toscano. |
| 260 |
_aMéxico _bNetzahualcoyotl _c1952 |
||
| 300 |
_a84 p. _bil. (algunas a color) _c24 cm. |
||
| 500 | _aAu126 | ||
| 600 | 1 | 4 |
_aCastellanos, Julio _xmonografía _922963 |
| 700 | 1 |
_aPellicer, Carlos _97681 |
|
| 700 | 1 |
_aToscano, Salvador _911443 |
|
| 902 | _aGRL | ||
| 942 |
_2lcc _cB |
||
| 999 |
_c8931 _d8931 |
||